| 000 | 00654nam a22002650a 4500 | ||
|---|---|---|---|
| 001 | PT51972 | ||
| 003 | AR-LpoUNG | ||
| 005 | 20210131231446.0 | ||
| 008 | 191001s1999||||ag |||||||||||||||||spa d | ||
| 020 |
_a9500420457 _c$28 |
||
| 040 |
_aAR-LpoUNG _bspa _cAR-LpoUNG _eaacr |
||
| 041 | _aspa | ||
| 044 | _aag | ||
| 082 | 0 | _aA863 732pro | |
| 100 | 1 | _aBorges, Jorge Luis | |
| 245 | 1 | 0 | _aPrólogos con un prólogo de prólogos |
| 250 | _a1§ ed. | ||
| 260 |
_aBuenos Aires : _bEmecé, _c1999. |
||
| 300 |
_a278 p. : _btbls. |
||
| 650 | 4 | _aARGENTINA | |
| 650 | 4 | _aLITERATURA | |
| 653 | _aLITERATURA ARGENTINA | ||
| 905 | _a51972 | ||
| 942 | _cLIB | ||
| 999 |
_c10175 _d10175 |
||